Проблемы индивидуального здоровья: валеологический дискурс; Медицинские новости; № 2 (245)

Бібліографічні деталі
Parent link:Медицинские новости.— , 1995-
№ 2 (245).— 2015.— [С. 31-35]
Автор: Скворцова В. Н. Валентина Николаевна
Співавтор: Национальный исследовательский Томский политехнический университет Институт социально-гуманитарных технологий Кафедра социальных коммуникаций
Резюме:Заглавие с экрана
Выявлено, что методологически путь к здоровью возможен через обращение к индивидуальному бытию человека, познание сущ- ности и закономерностей формирования и сохранения здоровья индивида. Показано, что валеологический дискурс здоровья пока не укла- дывается в рамки парадигмального течения научной медицины. Важной задачей развития медицины сегодня является интеграция научной и традиционной медицины, европейской и восточной с одной целью - повышение эффективности лечения и профилактики заболеваний, формирования и укрепления здоровья.
Its found out that a way to health methodologically is possible through an appeal to the individual human being, knowledge of the essence and laws of formation and preservation of the health of an individual. It is shown that valeological discourse still does not fit the paradigm of the flow of scientific medicine. An important task of medicine today is the integration of scientific and traditional medicine, european and eastern with one goal- improving the effectiveness of treatment and disease prevention, health promotion and formation.
Режим доступа: по договору с организацией-держателем ресурса
Мова:Російська
Опубліковано: 2015
Серія:Антивозрастная медицина. Косметология. Медицинские аспекты СПА
Предмети:
Онлайн доступ:http://elibrary.ru/item.asp?id=22986463
Формат: Електронний ресурс Частина з книги
KOHA link:https://koha.lib.tpu.ru/cgi-bin/koha/opac-detail.pl?biblionumber=647816

MARC

LEADER 00000naa0a2200000 4500
001 647816
005 20250217132807.0
035 |a (RuTPU)RU\TPU\network\12973 
035 |a RU\TPU\network\12971 
090 |a 647816 
100 |a 20160425d2015 k||y0rusy50 ca 
101 0 |a rus 
102 |a RU 
135 |a drcn ---uucaa 
181 0 |a i  
182 0 |a b 
200 1 |a Проблемы индивидуального здоровья: валеологический дискурс  |d Individual health problems: valeological discourse  |f В. Н. Скворцова 
203 |a Текст  |c электронный 
225 1 |a Антивозрастная медицина. Косметология. Медицинские аспекты СПА 
300 |a Заглавие с экрана 
320 |a [Библиогр.: с. 35 (7 назв.)] 
330 |a Выявлено, что методологически путь к здоровью возможен через обращение к индивидуальному бытию человека, познание сущ- ности и закономерностей формирования и сохранения здоровья индивида. Показано, что валеологический дискурс здоровья пока не укла- дывается в рамки парадигмального течения научной медицины. Важной задачей развития медицины сегодня является интеграция научной и традиционной медицины, европейской и восточной с одной целью - повышение эффективности лечения и профилактики заболеваний, формирования и укрепления здоровья. 
330 |a Its found out that a way to health methodologically is possible through an appeal to the individual human being, knowledge of the essence and laws of formation and preservation of the health of an individual. It is shown that valeological discourse still does not fit the paradigm of the flow of scientific medicine. An important task of medicine today is the integration of scientific and traditional medicine, european and eastern with one goal- improving the effectiveness of treatment and disease prevention, health promotion and formation. 
333 |a Режим доступа: по договору с организацией-держателем ресурса 
461 |t Медицинские новости  |d 1995- 
463 |t № 2 (245)  |v [С. 31-35]  |d 2015 
510 1 |a Individual health problems: valeological discourse  |z eng 
610 1 |a электронный ресурс 
610 1 |a труды учёных ТПУ 
610 1 |a валеология 
610 1 |a индивидуальное здоровье 
610 1 |a интегративная медицина 
700 1 |a Скворцова  |b В. Н.  |c специалист в области культурологии и социальной коммуникации  |c доцент Томского политехнического университета, кандидат философских наук  |f 1955-  |g Валентина Николаевна  |3 (RuTPU)RU\TPU\pers\24735  |9 10976 
712 0 2 |a Национальный исследовательский Томский политехнический университет  |b Институт социально-гуманитарных технологий  |b Кафедра социальных коммуникаций  |3 (RuTPU)RU\TPU\col\21254  |9 27945 
801 2 |a RU  |b 63413507  |c 20160425  |g RCR 
856 4 0 |u http://elibrary.ru/item.asp?id=22986463 
942 |c CF